South Asia's security (Record no. 16336)
[ view plain ]
| 000 -LEADER | |
|---|---|
| fixed length control field | 00777nam a22001697a 4500 |
| 003 - CONTROL NUMBER IDENTIFIER | |
| control field | OSt |
| 005 - DATE AND TIME OF LATEST TRANSACTION | |
| control field | 20170105102937.0 |
| 020 ## - INTERNATIONAL STANDARD BOOK NUMBER | |
| International Standard Book Number | 0706987519 |
| 040 ## - CATALOGING SOURCE | |
| Original cataloging agency | 0 |
| 082 ## - DEWEY DECIMAL CLASSIFICATION NUMBER | |
| Classification number | 355.033054 |
| Author Mark | SOU 1995 |
| 245 ## - TITLE STATEMENT | |
| Title | South Asia's security |
| Remainder of title | primacy of internal dimension |
| Statement of responsibility, etc. | Bangladesh Institute of International and Strategic Studies (BIISS) |
| 260 ## - PUBLICATION, DISTRIBUTION, ETC. | |
| Place of publication, distribution, etc. | New Delhi |
| Name of publisher, distributor, etc. | Vikas Pub. House |
| Date of publication, distribution, etc. | 1995 |
| 300 ## - PHYSICAL DESCRIPTION | |
| Extent | 440 p.; |
| Dimensions | 24cm |
| 520 ## - SUMMARY, ETC. | |
| Summary, etc. | Communications faites au séminaire international sur "South Asia's Security in the 1990s: Primacy of Internal Dimension", 5-7 janvier 1992, organisé par "the Bangladesh Institute of International and Strategic Studies" à Dhaka, Bangladesh. |
| 650 ## - SUBJECT ADDED ENTRY--TOPICAL TERM | |
| Topical term or geographic name entry element | National security -- South Asia -- Congresses. National security. South Asia. |
| 942 ## - ADDED ENTRY ELEMENTS (KOHA) | |
| Source of classification or shelving scheme | |
| Koha item type | Book |
| Withdrawn status | Lost status | Damaged status | Not for loan | Collection code | Permanent Location | Current Location | Shelving location | Date acquired | Total Checkouts | Full call number | Barcode | Date last seen | Price effective from | Koha item type |
|---|---|---|---|---|---|---|---|---|---|---|---|---|---|---|
| Centre for International Peace & Stability (CIPS) | Centre for International Peace & Stability (CIPS) | General Stacks | 03/24/2016 | 355.033054 SOU 1995 | CIPS0002742 | 03/24/2016 | 03/24/2016 | Book |
